000 00849nam a22002777a 4500
005 20250528104923.0
008 250528b |||||||| |||| 00| 0 eng d
037 _cTB
040 _aLCT
_cLCT
041 _2LCT
_aLCT
_hLCT
084 _aX72:(Z) R1
100 _aAhuja, Girish
_9810599
245 _aDirect Tax Laws & International Taxation(Vol. 1&2)/
250 _a40th
260 _aPunjab, india:
_bWolter Kuluwer Publication,
_c2021
300 _a2V(cxxv, 1005p: )
365 _aINR
_b1750 (Set price)
500 _aThis book is published in two volumes.
650 _aLaw
_9809275
650 _aIncome Tax
_9810597
650 _aDirect tax
_9810598
650 _aGST
_9809276
650 _aSalaries tax
_9809277
700 _aGupta, Ravi
_9810600
942 _2CC
_cGB
_hX72:(Z) R1
_n0
999 _c1431127
_d1431127